Central Library, Doon University
WEBOPAC (ONLINE PUBLIC ACCESS CATALOGUE)

Geology of India and Burma (Record no. 60711)

MARC details
000 -LEADER
fixed length control field 00472nam a22001817a 4500
005 - DATE & TIME
control field 20260423153630.0
008 - FIXED-LENGTH DATA ELEMENTS--GENERAL INFORMATION
fixed length control field 260423b |||||||| |||| 00| 0 eng d
020 ## - ISBN
International Standard Book Number 9788123900124
Price 525.00
040 ## - CATALOGING SOURCE
Original cataloging agency Doon University
041 ## - Language
Language English
082 ## - DDC NUMBER
Classification number 555.5
Book Number KRI
100 ## - MAIN ENTRY--PERSONAL NAME
Personal name Krishnan, Maharajapuram Sitaram
245 ## - TITLE STATEMENT
Title Geology of India and Burma
260 ## - PUBLICATION, DISTRIBUTION, ETC. (IMPRINT)
Place of publication, distribution, etc Delhi
Name of publisher, distributor, etc CBS Publishers
Date of publication, distribution, etc 2020
300 ## - PHYSICAL DESCRIPTION
Pages 536
650 ## - Subject
Subject Geology (PM USHA)
942 ## - ADDED ENTRY ELEMENTS (KOHA)
Koha item type Books
100 ## - MAIN ENTRY--PERSONAL NAME
-- 18063
650 ## - Subject
-- 26712
952 ## - LOCATION AND ITEM INFORMATION (KOHA)
-- 2026-04-23
952 ## - LOCATION AND ITEM INFORMATION (KOHA)
-- 2026-04-23
952 ## - LOCATION AND ITEM INFORMATION (KOHA)
-- 2026-04-23
Holdings
Withdrawn status Lost status Source of classification or shelving scheme Damaged status Not for loan Location (home branch) Sublocation or collection (holding branch) Date acquired Koha full call number Accession No. Koha date last seen Koha item type Koha issues (times borrowed)
        Not For Loan Doon University Doon University 23.04.2026 555.5 KRI 32939 23.04.2026 Reference  
          Doon University Doon University 23.04.2026 555.5 KRI 32940 23.04.2026 Books  
          Doon University Doon University 23.04.2026 555.5 KRI 32941 23.04.2026 Books  
Contact : +91-135-2533126 (Library),+91-135-2533105 (Admin Office) , Email : doonlibrary@gmail.com

Powered by Koha